00612 2200229 4500001002100000005001700021008004100038020002300079035002500102040001200127082001000139084001800149100001600167245007100183250001100254260003300265300003000298650001200328700000900340850001200349990002100361INLIS00000000001944720160426113427.0  a978-602-955823-3-6 a0010-041600000000451 aYOPDYOG a398.2 aK 398.2 Edi S aEDI MULYONO aSabar pangkal pintar dan hebat...c/ Edi Mulyono, ilustrator Ozzy. aCet.1. aYogyakartabDiva Pressc2009 a23 hlm.b: ilus.c; 21 cm aDongeng aOzzy aYOPDYOG a1114-RBM/PD.A.16